000 00952nas a22003014a 4500
001 ESSALUD
005 20260702111725.0
008 m20092018pe qr r 0 0 spa d
022 _a3119-768X
040 _aESSALUD
041 _aspa
082 _aPRALAB
245 _aPraxis Laboral & Procesal Laboral
260 _aLima
_bGrupo Praxis Formación Profesional, 2026-
362 _aBimestral
500 _aDescripción basada en: N° 1, Año 1 (enero 2026)
650 _a DERECHO / ANÁLISIS, INTERPRETACIÓN
_937736
650 _aDERECHOS LABORALES
_92903
650 _aDERECHO PROCESAL LABORAL
_953112
650 _aSEGURIDAD SOCIAL
_92070
650 _aINVESTIGACIÓN
_9164
650 _aPUBLICACIONES PERIÓDICAS
_91041
650 _aPERÚ
_913
700 _aTarazona Pinedo, Manolo
_edir.
_953113
700 _aToyama Miyagusuku, Jorge
_edir.
_921424
700 _aVinatea Recoba, Luis
_edir.
_946867
942 _cPP
_e2026-06-30
_zsqb
999 _c22614
_d22614